Westernmost English Counties - Statistics

General Stats
  • This quiz has been taken 16 times
  • The average score is 9 of 10
Answer Stats
Coordinates County % Correct
50°30'N 04°39'W Cornwall
100%
53°76'N 02°70'W Lancashire
100%
53°39'N 02°94'W Merseyside
100%
54°30'N 03°15'W Cumbria
93%
50°43'N 03°43'W Devon
93%
51°06'N 02°54'W Somerset
93%
53°10'N 02°35'W Cheshire
87%
51°27'N 02°35'W Bristol
80%
52°37'N 02°43'W Shropshire
80%
52°05'N 02°45'W Herefordshire
73%
No matching quizzes found
Score Distribution
Percent of People with Each Score
Percentile by Number Answered
Your Score History
You have not taken this quiz